000 00374nam a2200145Ia 4500
008 231129s1996||||xx |||||||||||||| ||spa||
020 _a968-13-2907-4
040 _bspa
082 _a364.152 A935m
100 _aAustin John
245 0 _aMisterios de Hollywood sin resolver
260 _c1996
264 _aDiana
942 _2ddc
_cBKS
999 _c21290
_d21290